| 000 | 00901nam a2200181 i 4500 | ||
|---|---|---|---|
| 001 | 12430 | ||
| 003 | ES-MaACL | ||
| 005 | 20250830014728.0 | ||
| 008 | 930113s1988 sp |||| | spa d | ||
| 080 | _a266 | ||
| 110 | 2 |
_aConferencia Episcopal Española. _bComisión Episcopal para el V Centenario del Descubrimiento y Evangelización de América _93174 |
|
| 245 | 1 | 0 |
_aOrientaciones para la celebración del [V Centenario del Descubrimiento y Evangelización de América] _b: guía / _cConferencia Episcopal Española, Comisión Episcopal para la celebración de V Centenario del Descubrimiento y Evangelización de América. |
| 260 |
_aMadrid : _bComisión Episcopal para la Celebración del V Centenario del Descubriento y Evangelización, _c1988. |
||
| 300 |
_a127 p ; _c21 cm. |
||
| 650 | 1 | 4 |
_aEvangelización- _zAmérica latina. _912619 |
| 852 |
_aES-MaACL _jL-19805 |
||
| 999 |
_c12430 _d12430 |
||